| 000 | 00350nam a22001577a 4500 | ||
|---|---|---|---|
| 003 | SGT | ||
| 020 | _a978-0-7020-5573-7 | ||
| 082 | _a617.7, K16B | ||
| 100 | _aBOWLING, BRAD | ||
| 245 | _aKANSKI'S CLINICAL OPHTHALMOLOGY | ||
| 250 | _a4TH | ||
| 260 |
_aLONDON _bELSEVIER _c2016 |
||
| 300 | _a917 | ||
| 650 | _aOPHTHALMOLOGY | ||
| 942 |
_2ddc _cBK _02 |
||
| 999 |
_c8466 _d8466 |
||